[Event "ch-St Petersburg"]
[Site "St Petersburg RUS"]
[Date "2007.06.07"]
[Round "10"]
[White "Yevseev,D"]
[Black "Zacurdajev,M"]
[Result "0-1"]
[WhiteElo "2525"]
[BlackElo "2384"]

1.d4 Nf6 2.Nf3 e6 3.c4 b6 4.g3 Ba6 5.Qc2 c5 6.d5 exd5 7.cxd5 b5 8.Bg2 d6
9.O-O Be7 10.b4 Nbd7 11.bxc5 dxc5 12.e4 O-O 13.Re1 Re8 14.Bb2 Bb7 15.Nbd2 Qb8
16.Nh4 c4 17.Nf5 Bc5 18.Nf3 Bb4 19.Re2 c3 20.Bc1 Qc8 21.Bf4 Qc4 22.Rae1 g6
23.Nd6 Bxd6 24.Bxd6 a5 25.Ng5 Ra6 26.e5 Nxd5 27.e6 fxe6 28.Rxe6 Rxe6 29.Rxe6 N7f6
30.Bf1 Qc6 31.Be5 Qc5 32.Rxa6 Bxa6 33.Bd3 Nb4 34.Qb3+ Qd5 35.Bxc3 Qxb3 36.axb3 Nxd3
37.Bxf6 Nc1 38.b4 axb4 39.Ne4 Nd3 40.Nd2 Kf7 41.Bh8 Bc8 42.Kf1 Be6 43.Ke2 Bc4
44.Ke3 Ke6 45.f3 Kd5 46.Ne4 b3 47.Bd4 b4 48.Bg7 Ba6 49.f4 Ne1 50.Nf6+ Kc4
51.Nxh7 Nd3 52.Kd2 Bb5 53.Nf8 Ba4 54.Nxg6 b2 55.Bxb2 Nxb2 56.f5 Kd4 57.f6 Nc4+
58.Kc1 b3 59.Nf4 b2+ 60.Kb1 Kc3 61.Ne2+ Kd3  0-1

[Event "1st Alushta Summer"]
[Site "Alushta UKR"]
[Date "2007.06.09"]
[Round "10"]
[White "Shtyrenkov,V"]
[Black "Kovalenko,I"]
[Result "0-1"]
[WhiteElo "2435"]
[BlackElo "2359"]

1.d4 e6 2.c4 b6 3.Nf3 Nf6 4.g3 Ba6 5.b3 Bb4+ 6.Bd2 Be7 7.Bg2 O-O 8.Ne5 c6
9.O-O d5 10.Bc3 Nfd7 11.Nxd7 Nxd7 12.Nd2 b5 13.e4 dxc4 14.bxc4 bxc4 15.Re1 Rb8
16.Bf1 Bb4 17.Bxb4 Rxb4 18.a3 Rb2 19.Qc1 Qb6 20.Qc3 e5 21.dxe5 Nxe5 22.Rab1 Ng4
23.Qf3 Nxf2 24.Qxf2 Qxf2+ 25.Kxf2 Rxd2+ 26.Re2 Rd4 27.e5 Bb5 28.Rc1 Re8 29.Re3 Kf8
30.h4 a5 31.Bh3 Rd3 32.e6 fxe6 33.Bf1 Rd2+ 34.Kf3 Ke7 35.a4 Bxa4 36.Bxc4 Rf8+
37.Kg4 Bd1+ 38.Kh3 Rff2  0-1

[Event "XXV Open"]
[Site "Novi Becej SRB"]
[Date "2007.06.09"]
[Round "1"]
[White "Ruzicic,S"]
[Black "Vukic,R"]
[Result "1/2-1/2"]
[WhiteElo "2075"]
[BlackElo "2271"]

1.Nf3 Nf6 2.d4 e6 3.c4 b6 4.g3 Ba6 5.Qc2 c5 6.Bg2 Bb7 7.dxc5 bxc5 8.O-O Nc6
9.Nc3 Be7 10.Bf4 Nh5 11.Be3 f5 12.Rad1 a6 13.a3 Qc7 14.Na4 Na5 15.Rc1 Be4
16.Qd1 d6 17.b4 Nb7 18.Nc3 cxb4 19.axb4 Nf6 20.Nxe4 Nxe4 21.Nd4 Qd7 22.Qb3 Rb8
23.Qa2 Nd8 24.b5 axb5 25.Nxb5 O-O 26.Rfd1 Qc6 27.Nd4 Qa8 28.Qxa8 Rxa8 29.Bxe4 fxe4
30.Nb5 Ra6 31.Nc3 Nf7 32.Nxe4 Rc8 33.c5 d5 34.Nd2 e5 35.f4 Ra3 36.Bf2 exf4
37.Nb1 Ra4 38.Nc3 Rc4 39.Nxd5 Bxc5 40.Bxc5 R8xc5 41.Rxc4 Rxc4 42.gxf4 Nh6
43.Kf2 Nf5 44.Rd2 Kf7 45.Kf3 Ke6 46.e3 Nd6 47.Nb6 Rb4 48.Nd5 Rc4 49.Nb6 Rb4
50.Nd5 Rc4  1/2-1/2

[Event "8th UKR Universiad"]
[Site "Evpatoria UKR"]
[Date "2007.06.10"]
[Round "7"]
[White "Serik,M"]
[Black "Tishin,D"]
[Result "1-0"]
[WhiteElo "2285"]
[BlackElo "2308"]

1.d4 Nf6 2.Nf3 e6 3.c4 b6 4.g3 Ba6 5.b3 Be7 6.Bg2 Bb7 7.O-O O-O 8.Bb2 d5
9.Nbd2 Nbd7 10.Ne5 c6 11.Qc2 Rc8 12.e4 dxc4 13.Nxd7 Qxd7 14.bxc4 c5 15.d5 exd5
16.cxd5 c4 17.Qc3 b5 18.a3 a5 19.Qxa5 b4 20.d6 Bxd6 21.Bxf6 gxf6 22.Qh5 Rc5
23.Qh6 Rd8 24.axb4 Bf8 25.Qf4 Rcc8 26.Nf3 c3 27.e5 Bxf3 28.Bxf3 Qd4 29.Qxf6 Bg7
30.Qa6 Qxe5 31.Bb7 Rc7 32.b5 c2 33.Rac1 Qb2 34.Qb6 Be5 35.Qe3  1-0

[Event "7th ch-Euro Senior"]
[Site "Hockenheim GER"]
[Date "2007.06.10"]
[Round "9"]
[White "Benito Alba,E"]
[Black "Scholz,H"]
[Result "0-1"]
[WhiteElo "1881"]
[BlackElo "1978"]

1.d4 Nf6 2.Nf3 e6 3.c4 b6 4.g3 Ba6 5.b3 Bb4+ 6.Bd2 Be7 7.Bg2 c6 8.Nc3 d5
9.cxd5 cxd5 10.O-O O-O 11.Re1 Bb7 12.Bf4 a6 13.Rc1 Nbd7 14.Be5 Rc8 15.Bxf6 Nxf6
16.Ne5 Bb4 17.Qd3 Rc7 18.Rc2 Ne4 19.Bxe4 dxe4 20.Qe3 Qc8 21.Rec1 Ba3 22.Rb1 a5
23.Nc4 Rxc4 24.bxc4 Qxc4 25.Rxb6 Ba8 26.Rb3 Bb4 27.a3  0-1

[Event "7th ch-Euro Senior"]
[Site "Hockenheim GER"]
[Date "2007.06.10"]
[Round "9"]
[White "Funk,P"]
[Black "Hutchinson,N"]
[Result "1/2-1/2"]
[WhiteElo "2197"]
[BlackElo "2087"]

1.d4 Nf6 2.Nf3 e6 3.c4 b6 4.g3 Ba6 5.Qa4 Bb7 6.Bg2 Be7 7.O-O O-O 8.Rd1 c6
9.Nc3 d5 10.Ne5 Nfd7 11.cxd5 exd5 12.e4 Nxe5 13.dxe5 b5 14.Qb3 d4 15.Be3 c5
16.Nxb5 Qb6 17.Bf4 Ba6 18.Bf1 Bxb5 19.Bxb5 Nc6 20.e6 f6 21.Bc4 Ne5 22.Bd5 Rab8
23.Qxb6 Rxb6 24.b3 Rc8 25.Rac1 Nc6 26.a3 Nd8 27.Rxd4 Nxe6 28.Ra4 Kf8 29.Rxa7 Nd4
30.Rb1 c4 31.Be3 Rxb3 32.Rd1 Ne2+ 33.Kf1 Nc3 34.Rc1 Bxa3 35.Ra1 Nxd5 36.exd5 Bb2
37.Ra8 Rbb8 38.Rxb8 Rxb8 39.Bc5+ Ke8 40.Re1+ Kd8 41.Re4 c3 42.Rc4 Rc8 43.Ke2 Kd7
44.Kd3 Rc7 45.g4 g6 46.Bd4 Rb7 47.Bxf6 Rb5 48.Bxc3 Bxc3 49.Rxc3 Rxd5+ 50.Ke4 Ra5
51.Rh3 h5 52.gxh5 gxh5 53.Rg3 Ke6 54.Rg6+ Kf7 55.Rb6 Kg7 56.Kf4 Ra2 57.Kf3 Ra4
58.Re6 Rh4 59.Kg3 Rg4+ 60.Kh3 Rf4 61.Re2 Kh6 62.Kg2 Rg4+ 63.Kf1 Ra4 64.f3 Kg5
65.Kg2 Kf4 66.Rb2 Rc4 67.Rb3 Rc2+ 68.Kh3 Rf2 69.Rb4+ Kxf3 70.Rh4 Ra2 71.Rxh5 Kf4
72.Rb5 Rc2  1/2-1/2

[Event "German Int ch-Youth"]
[Site "Neuhausen GER"]
[Date "2007.06.10"]
[Round "9"]
[White "Vasilev,M"]
[Black "Graf,F"]
[Result "1/2-1/2"]
[WhiteElo "2473"]
[BlackElo "2262"]

1.d4 e6 2.c4 Nf6 3.Nf3 b6 4.g3 Ba6 5.b3 Bb4+ 6.Bd2 Be7 7.Bg2 c6 8.Bc3 d5
9.Ne5 Nfd7 10.Nxd7 Nxd7 11.Nd2 O-O 12.O-O Rc8 13.e4 b5 14.Re1 bxc4 15.bxc4 dxc4
16.a4 c5 17.d5 exd5 18.exd5 Bf6 19.Rc1 Bxc3 20.Rxc3 Nb6 21.Nf1 Re8 22.Ne3 Qf6
23.Qc2 g6 24.Rd1 Rb8 25.h4 h5 26.Ra3 Nd7 27.Nxc4 Bxc4 28.Qxc4 Rb4 29.Qc1 Re2
30.Rf3 Qd6 31.Qg5 Kg7 32.a5 Ne5 33.Rc3 Rbb2 34.Rf1 Ng4 35.Rf3 Ne5 36.Rc3 Ng4
37.Rf3 Ne5 38.Re3 c4 39.Qf4 a6 40.Qd4 Rxe3 41.Qxb2 Rb3 42.Qd4 Rd3 43.Qe4 Ra3
44.Re1 c3 45.Qf4 c2 46.Rc1 Rxa5 47.Qd2 Rc5 48.Rxc2 Rxc2 49.Qxc2 Qb4 50.Qe2 Qb1+
51.Bf1 Qf5 52.Qxa6 Nf3+  1/2-1/2

[Event "2nd Maia Chiburdanidze Cup"]
[Site "Tbilisi GEO"]
[Date "2007.06.12"]
[Round "7"]
[White "Nigalidze,G"]
[Black "Bagaturov,G"]
[Result "1-0"]
[WhiteElo "2350"]
[BlackElo "2478"]

1.d4 Nf6 2.c4 e6 3.Nf3 b6 4.g3 Ba6 5.b3 Bb7 6.Bg2 Bb4+ 7.Bd2 a5 8.Nc3 O-O
9.O-O Qe7 10.Qc2 Na6 11.Ng5 Bxg2 12.Kxg2 h6 13.Nge4 Nh7 14.f3 Rfd8 15.d5 f5
16.Nf2 Rf8 17.e4 fxe4 18.Nfxe4 Nf6 19.Rae1 Nxe4 20.Rxe4 Nc5 21.Rg4 Bxc3 22.Qxc3 Rf6
23.Re1 Raf8 24.Rf4 Qe8 25.Rxf6 Rxf6 26.Be3 Qf8 27.Bd4 Rg6 28.Re5 exd5 29.cxd5 Rg5
30.Rxg5 hxg5 31.Qc2 Qe7 32.Qg6 Nb7 33.Kh3 Nd8 34.Kg4 c5 35.Bc3 b5 36.Bxa5 Nf7
37.Bc3 Ne5+ 38.Bxe5 Qxe5 39.Qe4 d6 40.Qxe5 dxe5 41.Kf5 c4 42.bxc4 bxc4 43.Ke4 Kf7  1-0

[Event "11th Master Open"]
[Site "Voronezh RUS"]
[Date "2007.06.12"]
[Round "1"]
[White "Sukhareva,E"]
[Black "Gasanov,E"]
[Result "0-1"]
[WhiteElo "2237"]
[BlackElo "2486"]

1.d4 Nf6 2.c4 e6 3.Nf3 b6 4.g3 Ba6 5.b3 Bb4+ 6.Bd2 Be7 7.Nc3 O-O 8.Bg2 c6
9.O-O d5 10.cxd5 cxd5 11.Ne5 Nfd7 12.Nf3 Nc6 13.a4 Rc8 14.Nb5 Nf6 15.e3 Ne4
16.Qe2 Na5 17.Rab1 Qe8 18.Rfd1 Nxd2 19.Nxd2 Bb4 20.e4 dxe4 21.Nxe4 Qe7 22.Qe3 Rfd8
23.Bf1 Bb7 24.Nxa7 Bxe4 25.Nxc8 Qb7 26.Rbc1 Bd5 27.Nxb6 Qxb6 28.Bc4 Nxc4
29.bxc4 Bc6 30.d5  0-1

[Event "11th Master Open"]
[Site "Voronezh RUS"]
[Date "2007.06.13"]
[Round "2"]
[White "Savchenko,B"]
[Black "Tarlev,K"]
[Result "1/2-1/2"]
[WhiteElo "2583"]
[BlackElo "2468"]

1.d4 Nf6 2.c4 e6 3.Nf3 b6 4.g3 Ba6 5.b3 d5 6.cxd5 exd5 7.Bg2 Bb4+ 8.Bd2 Bd6
9.Nc3 O-O 10.O-O Re8 11.Re1 Nbd7 12.Qc2 c6 13.Rad1 Rc8 14.Bc1 Bb4 15.Bb2 Ne4
16.Ne5 Ndf6 17.f3 Nxc3 18.Bxc3 Bd6 19.Qd2 c5 20.e3 Rc7 21.g4 h6 22.Nd3 Bxd3
23.Qxd3 c4 24.Qd2 cxb3 25.axb3 Qe7 26.Bf1 Rec8 27.Rc1 Ba3 28.Rc2 Bb2 29.Rxb2 Rxc3
30.Bd3 Qa3 31.Reb1 g6 32.h4 a5 33.Kf2 a4 34.Ba6 R8c7 35.b4 Ne8 36.Be2 R3c6
37.Bb5 Nd6 38.Bxc6 Nc4 39.Qe2 Nxb2 40.Bxd5 Nd3+ 41.Kg2 Nxb4 42.Be4 Qc3 43.Qb5 Qd2+
44.Kg3 Rc1 45.Qe8+ Kg7 46.Qe5+ Kg8 47.Bxg6 fxg6 48.Qe8+ Kg7 49.Qe7+ Kg8 50.Qe8+ Kg7
51.Qe7+ Kg8 52.Rxb4 Rc2 53.Kf4 Rc5 54.Qe8+ Kg7 55.Qd7+ Kf8 56.Qd8+ Kf7 57.Rc4 g5+
58.hxg5 hxg5+ 59.Ke4  1/2-1/2

[Event "11th Master Open"]
[Site "Voronezh RUS"]
[Date "2007.06.15"]
[Round "4"]
[White "Mihajlovskij,S"]
[Black "Demianjuk,A"]
[Result "1-0"]
[WhiteElo "2492"]
[BlackElo "2316"]

1.d4 Nf6 2.Nf3 e6 3.c4 b6 4.g3 Ba6 5.b3 Bb4+ 6.Bd2 Be7 7.Bg2 c6 8.O-O d5
9.Qc2 O-O 10.a4 c5 11.dxc5 bxc5 12.Ne5 Bb7 13.cxd5 exd5 14.Nc3 Na6 15.Nd3 Qc8
16.Rac1 c4 17.bxc4 dxc4 18.Bxb7 Qxb7 19.Nf4 Nb4 20.Qf5 Rfd8 21.Be3 a6 22.a5 g6
23.Qb1 Qc6 24.Qa1 Ng4 25.Bb6 Rd7 26.Rfd1 Rxd1+ 27.Nxd1 f6 28.Qd4 Ne5 29.Ne3 Rc8
30.Nfd5 Nxd5 31.Nxd5 Bf8 32.Rc3 Kf7 33.Ne3 Kg8 34.f4 Nd7 35.Rxc4 Qb7 36.Rxc8 Qxc8
37.Qd5+ Kg7 38.Bd4 Bc5 39.Bxc5 Nxc5 40.Nc4 Nb3 41.Kf2 h5 42.Nd6 Qd7 43.Qxb3 Qxd6
44.Qb7+ Kh6 45.Qb6 Qe7 46.Qxa6 Qc5+ 47.Kf1 Qc1+ 48.Kg2 Qd2 49.Qb5 h4 50.a6 Qc2
51.Qe8  1-0

[Event "11th Master Open"]
[Site "Voronezh RUS"]
[Date "2007.06.16"]
[Round "5"]
[White "Yaksin,O"]
[Black "Gasanov,E"]
[Result "0-1"]
[WhiteElo "2258"]
[BlackElo "2486"]

1.d4 Nf6 2.Nf3 e6 3.c4 b6 4.g3 Ba6 5.b3 b5 6.Bg2 bxc4 7.Ne5 Bb4+ 8.Bd2 cxb3
9.axb3 Bxd2+ 10.Qxd2 Nd5 11.O-O O-O 12.Rc1 Qc8 13.Nc3 Qb7 14.Nxd5 exd5 15.Qc2 c6
16.e4 dxe4 17.Bxe4 g6 18.Bg2 Bb5 19.d5 cxd5 20.Ng4 Kg7 21.Re1 Nc6 22.Bxd5 Qb6
23.Qd2 Qd4 24.Qh6+ Kh8 25.Ne3 Rae8 26.Rad1 Qg7 27.Qf4 f5 28.Nc4 Qc3 29.Re3 Rxe3
30.Qxe3 Qxe3 31.Nxe3 Re8 32.Kg2 Ne5 33.Rd2 Kg7 34.Nc4 Kf6 35.Nd6 Rb8 36.f4 Ng4
37.Kf3 Bc6 38.Bxc6 Rxb3+ 39.Kg2 dxc6 40.Nc8 Ne3+ 41.Kf2 Nc4 42.Rd7 Rb2+ 43.Kg1 a5
44.Rc7 Ke6 45.Rxc6+ Kd5 46.Ne7+ Kd4 47.Ra6 Ke3 48.Nc6 Nd2  0-1

[Event "III Perla Baltyku A"]
[Site "Mielno POL"]
[Date "2007.06.18"]
[Round "1"]
[White "Ferenc,Jo"]
[Black "Lubczynski,R"]
[Result "0-1"]
[WhiteElo "2116"]
[BlackElo "2347"]

1.Nf3 Nf6 2.c4 e6 3.d4 b6 4.g3 Ba6 5.Qa4 Bb7 6.Bg2 c5 7.dxc5 Bxc5 8.O-O O-O
9.Nc3 a6 10.Bg5 Be7 11.Rac1 d6 12.Rfd1 Qc7 13.Nd2 Bxg2 14.Kxg2 h6 15.Bxf6 Bxf6
16.Nde4 Be7 17.f3 Nd7 18.Qc2 f5 19.Nd2 Ne5 20.Qb3 Qc6 21.Qa4 Rfc8 22.Qxc6 Rxc6
23.b3 Rac8 24.a4 d5 25.f4 Ng4 26.Kf3 Nxh2+ 27.Kg2 Ng4 28.Kf3 Ba3 29.Rb1 d4
30.Na2 Ne3 31.Rh1 b5 32.axb5 axb5 33.Nc1 bxc4 34.bxc4 Bxc1 35.Rhxc1 Nxc4
36.Rxc4 Rxc4 37.Nxc4 Rxc4 38.Rb7 Rc3+ 39.Kf2 Re3 40.Rd7 Re4 41.Kf3 Kh7 42.Kf2 Kg6
43.Kf3 Kf6 44.Kf2 g5 45.Kf3 h5 46.fxg5+ Kxg5 47.Rg7+ Kf6 48.Rh7 Kg6 49.Re7 e5
50.Re8 h4 51.gxh4 Rf4+ 52.Kg3 Rg4+ 53.Kf2 e4 54.Rh8 Kg7 55.Rh5 Kf6 56.Rh8 Ke5
57.h5 Kf4 58.h6 Rh4 59.h7 Rh5 60.Rd8 Rxh7 61.Rxd4 Rh2+ 62.Kf1 Ke3 63.Rd5 Rf2+  0-1

[Event "Open"]
[Site "Teplice CZE"]
[Date "2007.06.21"]
[Round "7"]
[White "Cedikova,K"]
[Black "Spirin,O"]
[Result "0-1"]
[WhiteElo "2184"]
[BlackElo "2349"]

1.d4 Nf6 2.c4 e6 3.Nf3 b6 4.g3 Ba6 5.Qc2 Bb7 6.Bg2 c5 7.d5 exd5 8.Nh4 Nc6
9.cxd5 Nb4 10.Qd1 d6 11.Nc3 Be7 12.O-O O-O 13.a3 Na6 14.e4 Re8 15.Nf5 Bf8
16.Re1 Bc8 17.Ne3 Rb8 18.Qc2 b5 19.f4 c4 20.Ncd1 Nc5 21.Nf2 Nb3 22.Rb1 Nd7
23.Bd2 Nxd2 24.Qxd2 Nc5 25.Rbd1 g6 26.h4 Bg7 27.Kh2 Na4 28.Rb1 Nxb2 29.Rxb2 c3
30.Qd3 cxb2 31.Nc2 Qb6 32.Nh3 a5 33.Ng5 b4 34.axb4 axb4 35.h5 Ra8 36.hxg6 hxg6
37.Rb1 Ra1 38.Ne1 Ba6 39.Qd1 Qd4 40.Qc2 Rc8 41.Rxa1 bxa1=Q  0-1

[Event "White Nights"]
[Site "St Petersburg RUS"]
[Date "2007.06.25"]
[Round "1"]
[White "Fedoseev,S"]
[Black "Manina,K"]
[Result "1-0"]
[WhiteElo "2260"]
[BlackElo "1991"]

1.d4 Nf6 2.Nf3 e6 3.c4 b6 4.g3 Ba6 5.Qc2 c5 6.d5 d6 7.dxe6 fxe6 8.Bh3 Bc8
9.O-O Nc6 10.Be3 Nb4 11.Qb3 e5 12.Bg2 Bb7 13.Nc3 Nc6 14.Qa4 Qd7 15.Ng5 Na5
16.Qxd7+ Kxd7 17.Bxb7 Nxb7 18.Rad1 Nd8 19.Bc1 Be7 20.Kg2 Rf8 21.b3 Nc6 22.e3 h6
23.Nge4 Nxe4 24.Nxe4 Rf7 25.Rd2 Ke6 26.Rfd1 Rd8 27.h4 Bf8 28.Bb2 Rfd7 29.Nc3 Ne7
30.e4 Nc6 31.Nd5 Ne7 32.f4 Nc6 33.f5+ Kf7 34.g4 Be7 35.Kg3 Nd4 36.Rf2 Bf6
37.Bc1 Nc6 38.g5 hxg5 39.hxg5 Be7 40.Rh1 Nb4 41.Nxb4 cxb4 42.g6+ Ke8 43.Rh8+ Bf8
44.Rfh2 Rc7 45.Rxf8+  1-0

[Event "Open"]
[Site "Pula CRO"]
[Date "2007.06.26"]
[Round "5"]
[White "Nikolov,Sas"]
[Black "Petrik,T"]
[Result "1/2-1/2"]
[WhiteElo "2378"]
[BlackElo "2522"]

1.d4 e6 2.c4 Nf6 3.Nf3 b6 4.g3 Ba6 5.b3 b5 6.cxb5 Bxb5 7.Bg2 Bb4+ 8.Bd2 a5
9.O-O O-O 10.a3 Be7 11.Nc3 Ba6 12.Qc2 d5 13.Rfc1 Nbd7 14.e4 dxe4 15.Nxe4 Nxe4
16.Qxe4 c5 17.Qe1 Bb7 18.Be3 Bf6 19.Rd1 Qe7 20.Rac1 cxd4 21.Nxd4 Bxg2 22.Kxg2 Qxa3
23.Nc6 Bb2 24.Rxd7 Bxc1 25.Qxc1 Qxb3 26.Bc5 Rfe8 27.Qf4 e5 28.Nxe5 Qe6 29.Rxf7 Qd5+
30.Kh3 Qe6+ 31.g4 Rad8 32.Rf5 Qh6+ 33.Qxh6 gxh6 34.Nf7 Rd3+ 35.Be3 Re6 36.Kh4 Kg7
37.Bxh6+ Rxh6+ 38.Nxh6 Kxh6 39.Rxa5 Rf3 40.Rf5 Ra3 41.g5+ Kg7 42.Kg4 Ra2
43.h4 Rb2 44.Rc5 Rxf2  1/2-1/2

[Event "Open"]
[Site "Pula CRO"]
[Date "2007.06.26"]
[Round "5"]
[White "Dambrauskas,V"]
[Black "Pregarac,V"]
[Result "1-0"]
[WhiteElo "2339"]
[BlackElo "2109"]

1.d4 Nf6 2.c4 e6 3.Nf3 b6 4.g3 Ba6 5.Qc2 Bb7 6.Bg2 d5 7.cxd5 Nxd5 8.O-O Be7
9.Nc3 O-O 10.e4 Nxc3 11.bxc3 Qc8 12.Rd1 Rd8 13.c4 c6 14.Bb2 Nd7 15.Ne1 b5
16.Rac1 Ba6 17.c5 Nf6 18.Nd3 Qc7 19.f4 Bc8 20.Bf3 a5 21.g4 b4 22.g5 Ne8 23.Qg2 Rb8
24.Ne5 f6 25.gxf6 Nxf6 26.Kh1 a4 27.Be2 Bf8 28.Bc4 Kh8 29.Rg1 Re8 30.Rce1 Bd7
31.Qg5 Re7 32.Re3 Be8 33.Qh4 Nh5 34.f5 exf5 35.exf5 Qd8 36.Rh3 Ra7 37.Qxh5 Bxh5
38.Rxh5 h6 39.Nf7+ Rxf7 40.Bxf7 Qf6 41.Be6 Bxc5 42.Rg6 Qd8 43.Rhxh6+ gxh6
44.dxc5+  1-0

[Event "Open"]
[Site "Pula CRO"]
[Date "2007.06.28"]
[Round "7"]
[White "Kuljasevic,D"]
[Black "Petrik,T"]
[Result "0-1"]
[WhiteElo "2447"]
[BlackElo "2522"]

1.d4 Nf6 2.Nf3 e6 3.c4 b6 4.g3 Ba6 5.Nbd2 Bb7 6.Bg2 c5 7.e4 cxd4 8.O-O d6
9.Nxd4 Qd7 10.a4 Be7 11.Re1 O-O 12.a5 Na6 13.axb6 axb6 14.b3 Nc7 15.Ba3 g6
16.Qe2 Rfb8 17.Bb2 Nfe8 18.f4 Rxa1 19.Rxa1 Ra8 20.Rxa8 Bxa8 21.Nb1 Bf6 22.e5 Bxg2
23.Kxg2 dxe5 24.fxe5 Be7 25.Qe4 Bc5 26.Na3 h5 27.Nac2 Ng7 28.Qc6 Qd8 29.b4 Bxd4
30.Nxd4 Nf5 31.Nxf5 exf5 32.Qxb6 Qd2+ 33.Qf2 Qxb4 34.Qd4 Ne6 35.Qc3 Qb7+
36.Kg1 Qb6+ 37.Kg2 Qc6+ 38.Kg1 Kh7 39.Bc1 Nc5 40.Be3 Qf3 41.Qd4 Ne6 42.Qd2 h4
43.Qf2 Qe4 44.c5 h3 45.Kf1 Qxe5 46.Ke1 Nxc5  0-1

[Event "Asian Youth GU16"]
[Site "Tashkent UZB"]
[Date "2007.07.01"]
[Round "4"]
[White "Uthra,P"]
[Black "Nakhbayeva,G"]
[Result "1/2-1/2"]
[WhiteElo "2063"]
[BlackElo "2024"]

1.d4 Nf6 2.c4 e6 3.Nf3 b6 4.g3 Ba6 5.Qa4 Bb7 6.Bg2 c5 7.O-O Be7 8.Nc3 O-O
9.Rd1 cxd4 10.Nxd4 Bxg2 11.Kxg2 Qc8 12.Bg5 Na6 13.Rac1 Qb7+ 14.Kg1 Rfd8 15.Bxf6 Bxf6
16.e4 d6 17.b4 Rac8 18.Qb3 h6 19.Ndb5 Be7 20.a3 Nb8 21.f4 Nc6 22.Ne2 a6 23.Nbc3 b5
24.cxb5 axb5 25.Rd3 Ra8 26.Kg2 Ra6 27.Rcd1 Rda8 28.Nb1 Na7 29.Re3 Nc8 30.Qd3 d5
31.exd5 Nd6 32.Nec3 Nc4 33.Re2 Nxa3 34.Nxa3 Rxa3 35.Qxb5 Qxb5 36.Nxb5 Ra2
37.Rxa2 Rxa2+ 38.Kf3 exd5 39.Rxd5 Rxh2 40.Rd4 Rb2 41.Nd6 h5 42.Nf5 Bxb4 43.Rd8+ Kh7
44.Rb8 Bc3 45.Rxb2 Bxb2 46.g4 g6 47.Nd6 Kg7 48.gxh5 gxh5 49.Nxf7 Kxf7  1/2-1/2

[Event "Tespo Engineering"]
[Site "Brno CZE"]
[Date "2007.07.04"]
[Round "6"]
[White "Polak,T"]
[Black "Brener,I"]
[Result "1-0"]
[WhiteElo "2510"]
[BlackElo "2413"]

1.d4 Nf6 2.c4 e6 3.Nf3 b6 4.g3 Ba6 5.b3 Bb4+ 6.Bd2 Be7 7.Nc3 O-O 8.Rc1 c6
9.e4 d5 10.e5 Nfd7 11.cxd5 cxd5 12.Nb5 Bxb5 13.Bxb5 a6 14.Bd3 Re8 15.h4 Nf8
16.Ng5 f6 17.Qh5 g6 18.Qh6 fxg5 19.h5 Ba3 20.hxg6 Bxc1 21.g7 Bxd2+ 22.Kxd2 Kf7
23.gxf8=R+  1-0

[Event "Asian Youth GU16"]
[Site "Tashkent UZB"]
[Date "2007.07.04"]
[Round "6"]
[White "Uthra,P"]
[Black "Tokhirjanova,H"]
[Result "1-0"]
[WhiteElo "2063"]
[BlackElo "2006"]

1.d4 Nf6 2.c4 e6 3.Nf3 b6 4.g3 Ba6 5.Qa4 c5 6.Bg2 Bb7 7.O-O cxd4 8.Nxd4 Bxg2
9.Kxg2 Qc8 10.Nc3 Qb7+ 11.Kg1 a6 12.Bg5 Be7 13.Rfd1 h6 14.Bf4 O-O 15.Nf3 Rc8
16.Rac1 Ra7 17.Qb3 Nc6 18.Be3 Bc5 19.Bxc5 bxc5 20.Qxb7 Rxb7 21.Na4 Ne4 22.Nd2 Nxd2
23.Rxd2 Nd4 24.Kg2 Nf5 25.g4 Nh4+ 26.Kg3 Ng6 27.Rd6 Ra7 28.Rcd1 Nf8 29.Rb6 a5
30.Rb5 f6 31.b3 e5 32.Nxc5 Rac7 33.Na4 Ne6 34.Rxa5 Kf7 35.e3 Ng5 36.h4 Ne6
37.Nb6 Rd8 38.Rad5 Ke8 39.b4 Rb7 40.c5 Ke7 41.a4 Ra7 42.b5 g6 43.c6 dxc6
44.Rxd8 Nxd8 45.Nc8+  1-0

[Event "Spring A"]
[Site "Volodarskij RUS"]
[Date "2007.07.04"]
[Round "11"]
[White "Sviridonov,S"]
[Black "Klyashtorny,V"]
[Result "1-0"]
[WhiteElo "2358"]
[BlackElo "2364"]

1.c4 Nf6 2.Nf3 e6 3.d4 b6 4.g3 Ba6 5.b3 Bb4+ 6.Bd2 Be7 7.Bg2 c6 8.Nc3 d5
9.Ne5 O-O 10.cxd5 exd5 11.O-O Re8 12.Re1 Bd6 13.e4 c5 14.Nxd5 Nxd5 15.exd5 cxd4
16.Nc6 Nxc6 17.dxc6 Rc8 18.a4 Rxe1+ 19.Qxe1 Bd3 20.b4 a6 21.Rc1 b5 22.axb5 axb5
23.Ra1 Rc7 24.Ra3 Bc4 25.Qa1 Bf8 26.Bf4 Rc8 27.c7 Rxc7 28.Bxc7 Qxc7 29.Qxd4 Bxb4
30.Ra7  1-0

[Event "Asian Youth GU18"]
[Site "Tashkent UZB"]
[Date "2007.07.05"]
[Round "7"]
[White "Sivasankari,P"]
[Black "Danilyuk,O"]
[Result "1-0"]
[WhiteElo "2069"]
[BlackElo "2075"]

1.d4 Nf6 2.c4 e6 3.Nf3 b6 4.g3 Ba6 5.b3 Bb4+ 6.Bd2 Be7 7.Bg2 Bb7 8.O-O O-O
9.Nc3 c5 10.dxc5 Bxc5 11.Bg5 Be7 12.Rc1 a6 13.Ne1 Qc7 14.Bf4 Qc8 15.Na4 Bxg2
16.Nxg2 Qb7 17.Qd4 b5 18.Qb6 Qc6 19.cxb5 Qxb5 20.Qxb5 axb5 21.Nb6 Rxa2 22.Nc8 Ba3
23.Bxb8 Bxc1 24.Rxc1 Ra8 25.Ne7+ Kh8 26.Bd6 Rfe8 27.f3 Ra6 28.Bb4 Rea8 29.Kf2 Ne8
30.Rc5 Rb8 31.Nf4 g6 32.Nd3 f6 33.Rc2 Kg7 34.Nc8 Kf7 35.e4 Rc6 36.Rxc6 dxc6
37.Na7 Rb6 38.Bc5 Ra6 39.Nb4 Ra3 40.Naxc6 Rxb3 41.Nd8+ Kg8 42.Nxe6 Rb2+ 43.Kg1 Rd2
44.Nd5 f5 45.Nd4 fxe4 46.fxe4 Rb2 47.Bb4 Kf7 48.Nxb5 Rb1+ 49.Kf2 Nf6 50.Nbc3 Rb2+
51.Kf3 Nd7 52.h4 Ne5+ 53.Ke3 Ke6 54.Nf4+  1-0

[Event "Asian Youth BU16"]
[Site "Tashkent UZB"]
[Date "2007.07.06"]
[Round "8"]
[White "Swayams,M"]
[Black "Adhiban,B"]
[Result "0-1"]
[WhiteElo "2161"]
[BlackElo "2368"]

1.d4 Nf6 2.c4 e6 3.Nf3 b6 4.g3 Ba6 5.Qc2 c6 6.Bg2 d5 7.Ne5 Bd6 8.cxd5 cxd5
9.Bf4 O-O 10.O-O Nh5 11.Be3 f6 12.Nd3 f5 13.f4 Nf6 14.Nc3 Ng4 15.Rf3 Nc6
16.Qa4 Bxd3 17.exd3 Nxe3 18.Rxe3 Nxd4 19.Qxd4 Bc5 20.Qe5 Qf6 21.Nd1 Qxe5
22.fxe5 Rac8 23.Kh1 Bxe3 24.Nxe3 Rc7 25.Kg1 Rfc8 26.Re1 g5 27.Bf3 Rc1 28.Kf1 Kf7
29.Bd1 Ke7 30.Bb3 Rxe1+ 31.Kxe1 Rc1+ 32.Nd1 d4 33.Kd2 Rc5 34.Bc4 b5 35.b4 Rxe5
36.Bb3 g4 37.Nf2 h5 38.Bd1 Kf6 39.Be2 Kg5 40.Bf1 h4 41.Nd1 f4 42.gxh4+ Kxh4
43.Nf2 Re3 44.Bg2 g3 45.Nd1 f3 46.hxg3+ Kxg3 47.Bf1 Re5 48.a3 a6  0-1

[Event "ch-SVK"]
[Site "Banska Stiavnica SVK"]
[Date "2007.07.07"]
[Round "1"]
[White "Vavrak,P"]
[Black "Petrik,T"]
[Result "1/2-1/2"]
[WhiteElo "2428"]
[BlackElo "2479"]

1.d4 e6 2.c4 Nf6 3.Nf3 b6 4.g3 Ba6 5.Qc2 c5 6.d5 exd5 7.cxd5 Bb7 8.Bg2 Nxd5
9.O-O Be7 10.Rd1 O-O 11.a3 Nf6 12.Nc3 d5 13.Ng5 g6 14.Nxd5 Nxd5 15.Bxd5 Bxd5
16.e4 Nc6 17.Rxd5 Qc8 18.Be3 Bxg5 19.Bxg5 Qe6 20.Qd3 Nd4 21.Re1 f6 22.Bd2 Rad8
23.Rxd8 Rxd8 24.Bc3 Rd7 25.Bxd4 Rxd4 26.Qe3 Qd6 27.h4 Rd3 28.Qh6 Qe5 29.Re2 c4
30.Qc1 b5 31.a4 a6 32.axb5 axb5 33.Qa1 Rd7 34.Qa8+ Kg7 35.Qc6 Re7 36.Kh2 Rc7
37.Qb6 Qc5 38.Qe6 Re7 39.Qa6 b4 40.Kg2 Rc7 41.Rd2 Qe5 42.Qa8 c3 43.bxc3 bxc3
44.Rc2 Kf7 45.Qa2+ Kf8 46.Qa3+ Kg7 47.Qa8 Qb5 48.Qd5 Qa4 49.Qd3 Qb3 50.Kf3 Qb4
51.Ke3 Qb6+ 52.Kf3 Qc6 53.Qd4 Rc8 54.Qa7+ Kg8 55.Qd4 Kf8 56.Qd5 Qxd5 57.exd5 Ke7
58.Ke4 Kd6 59.Kd4 Rc5 60.Rxc3 Rxc3 61.Kxc3 Kxd5 62.Kd3 Ke5 63.Ke3 Kf5 64.Kf3 Ke5
65.Ke3 Kf5 66.Kf3 h5 67.g4+ hxg4+ 68.Kg3 Ke6  1/2-1/2

[Event "Zudov Mem B"]
[Site "Nizhnij Tagil RUS"]
[Date "2007.07.07"]
[Round "2"]
[White "Dashibalov,E"]
[Black "Ivanov,Andrew"]
[Result "0-1"]
[WhiteElo "2287"]
[BlackElo "2308"]

1.d4 Nf6 2.c4 e6 3.Nf3 b6 4.g3 Ba6 5.b3 c6 6.Bg2 d5 7.Qc2 Bb4+ 8.Bd2 Be7
9.O-O O-O 10.Rd1 Nbd7 11.Bf4 Rc8 12.Nc3 Nh5 13.Bc1 dxc4 14.e4 Qc7 15.e5 c5
16.g4 cxd4 17.Nxd4 Nxe5 18.gxh5 cxb3 19.axb3 Bd3 20.Rxd3 Nxd3 21.Qxd3 Qxc3
22.Qxc3 Rxc3 23.Bb2 Rc7 24.Nc6 Bg5 25.b4 a5 26.b5 h6 27.Rd1 Bf6 28.Bc1 a4
29.Rd3 Ra8 30.Ba3 Rac8 31.Be4 Kh8 32.Kf1 Bg5 33.Ke2 f5 34.Bg2 e5 35.Bh3 Rf7
36.Rd5 Bf4 37.Ne7 Re8 38.Bxf5 g5 39.Ng6+ Kg7 40.Be4 Bxh2 41.Bb2 Ra7 42.Ba3 Rc8
43.Ne7 Rc3 44.Nf5+ Kh7 45.Ng3+ Kg7 46.Bb2 Rb3 47.Bxe5+ Kf7 48.Bf5 a3 49.Bc2 Rb4
50.Ba1 Rc4 51.Bg6+ Ke6 52.Re5+ Kd7 53.Bf5+ Kd8 54.Re6 Rf4 55.Bf6+ Kc7 56.Be5+ Kb7
57.Be4+ Rxe4+ 58.Nxe4 Bxe5 59.Rxe5 a2 60.Nd6+ Kc7 61.Nf7 a1=Q  0-1

[Event "Open A"]
[Site "Oberwart AUT"]
[Date "2007.07.08"]
[Round "2"]
[White "Dziuba,M"]
[Black "Wegerer,F"]
[Result "1-0"]
[WhiteElo "2536"]
[BlackElo "2230"]

1.d4 Nf6 2.c4 e6 3.Nf3 b6 4.g3 Ba6 5.b3 d5 6.Bg2 Bb4+ 7.Bd2 Bd6 8.Nc3 c5
9.O-O Nbd7 10.cxd5 exd5 11.Bg5 h6 12.Bxf6 Nxf6 13.dxc5 Bxc5 14.b4 Bxf2+ 15.Rxf2 O-O
16.Nd4 Rc8 17.Qd2 Bc4 18.Nf5 Re8 19.Qd4 Re6 20.Raf1 Kh7 21.Bh3 Ne8 22.Ne3 Nd6
23.Nexd5 f5 24.Rxf5 Re8 25.R5f2 Rc6 26.Bg2 Rc8 27.Rd1 Nb5 28.Nxb5 Bxb5 29.Rf7  1-0

[Event "Open"]
[Site "Banska Stiavnica SVK"]
[Date "2007.07.09"]
[Round "3"]
[White "Kantorik,M"]
[Black "Varga,Dav"]
[Result "1-0"]
[WhiteElo "2365"]
[BlackElo "2257"]

1.d4 Nf6 2.c4 e6 3.Nf3 b6 4.g3 Ba6 5.b3 Bb4+ 6.Bd2 Be7 7.Bg2 Bb7 8.O-O d5
9.Ne5 Ne4 10.cxd5 exd5 11.Be1 O-O 12.f3 Nd6 13.Nc3 f5 14.Rc1 Nd7 15.Bf2 Rc8
16.Qd3 Bf6 17.Rfd1 Bxe5 18.dxe5 Nxe5 19.Qd4 Ndf7 20.Nxd5 c5 21.Qd2 Bxd5 22.Qxd5 Qe7
23.Qd2 Rcd8 24.Qc2 Qe6 25.h3 Nc6 26.f4 Nb4 27.Qb2 Rd6 28.Rxd6 Qxd6 29.a3 Na6
30.Qc2 Qe6 31.Rd1 Nc7 32.b4 c4 33.e4 Nd6 34.exf5 Qxf5 35.Qxf5 Nxf5 36.g4 Nh6
37.f5 Nf7 38.Rd7 Nb5 39.a4 Nc3 40.Rxa7 b5 41.a5 Na2 42.Bd5  1-0